Landen het dichtst bij Nederland - een minuut sprint - Statistieken

Algemene statistieken
  • Deze quiz is 83 keer genomen
  • De gemiddelde score is 11 van 20
Antwoordstatistieken
km land % Correct
0 België
100%
0 Duitsland
99%
0 Frankrijk
99%
64 Luxemburg
97%
200 Denemarken
89%
133 Verenigd Koninkrijk
83%
371 Zwitserland
76%
494 Noorwegen
72%
445 Oostenrijk
71%
463 Polen
70%
434 Zweden
68%
465 Liechtenstein
49%
411 Tsjechië
45%
27 Venezuela
22%
125 Colombia
16%
493 St Vincent en de Grenadines
11%
13 St Kitts en Nevis
9%
119 Antigua en Barbuda
8%
431 St Lucia
8%
259 Dominica
7%
Geen overeenkomende quizzen gevonden
Scoreverdeling
Procent van Mensen met Elke Score
Percentiel versus Aantal Correcte Antwoorden
Uw Scoregeschiedenis
U heeft deze quiz nog niet genomen